Normal view
MARC view
- Kinza Nayab
Entry Personal Name
001 - CONTROL NUMBER
- control field: 93103
003 - CONTROL NUMBER IDENTIFIER
- control field: NUST
005 - DATE AND TIME OF LATEST TRANSACTION
- control field: 20220705192643.0
008 - FIXED-LENGTH DATA ELEMENTS
- fixed length control field: 220705|| aca||aabn | a|a d
040 ## - CATALOGING SOURCE
- Original cataloging agency: NUST
- Transcribing agency: NUST
100 ## - HEADING--PERSONAL NAME
- Personal name: Kinza Nayab
670 ## - SOURCE DATA FOUND
- Source citation: Work cat.: (NUST)11288: Kinza Nayab, Design and implmentation of a broadband directional coupler for WiMAX applications, 2012
